The Ketchikan and Wrangell mining districts, Alaska, (Record no. 24759)

MARC details
000 -LEADER
fixed length control field 00975cam a22002651 4500
001 - CONTROL NUMBER
control field gs 08000381
003 - CONTROL NUMBER IDENTIFIER
control field DLC
005 - DATE AND TIME OF LATEST TRANSACTION
control field 20260227111308.0
008 - FIXED-LENGTH DATA ELEMENTS--GENERAL INFORMATION
fixed length control field 780829s1908 dcuafb b f000 0 eng c
010 ## - LIBRARY OF CONGRESS CONTROL NUMBER
LC control number gs 08000381
035 ## - SYSTEM CONTROL NUMBER
System control number (OCoLC)4174766
040 ## - CATALOGING SOURCE
Original cataloging agency U.S. Geol. Survey. Library
Transcribing agency TxU
Modifying agency OCoLC
-- DLC
050 00 - LIBRARY OF CONGRESS CALL NUMBER
Classification number QE75
Item number .B9 no. 347
051 ## - LIBRARY OF CONGRESS COPY, ISSUE, OFFPRINT STATEMENT
Classification number TN24.A4
Item number W8
Copy information Copy 2.
100 1# - MAIN ENTRY--PERSONAL NAME
Personal name Wright, F. E.
Fuller form of name (Frederic Eugene),
Dates associated with a name 1877-1953.
245 14 - TITLE STATEMENT
Title The Ketchikan and Wrangell mining districts, Alaska,
Statement of responsibility, etc. by Fred Eugene Wright and Charles Will Wright.
260 ## - PUBLICATION, DISTRIBUTION, ETC.
Place of publication, distribution, etc. Washington,
Name of publisher, distributor, etc. Govt. Print Off.,
Date of publication, distribution, etc. 1908.
300 ## - PHYSICAL DESCRIPTION
Extent 210, v p.
Other physical details illus., xii pl. (incl. maps, part fold.) diagrs.
Dimensions 24 cm.
410 20 - SERIES STATEMENT/ADDED ENTRY--CORPORATE NAME [OBSOLETE, CAN/MARC], [LOCAL, USA]
Corporate name or jurisdiction name as entry element Geological Survey (U.S.).
Title of a work Bulletin
Volume number/sequential designation 347
500 ## - GENERAL NOTE
General note Three folded maps in pocket.
504 ## - BIBLIOGRAPHY, ETC. NOTE
Bibliography, etc. note "Literature": p. 14-15.
650 #0 - SUBJECT ADDED ENTRY--TOPICAL TERM
Topical term or geographic name entry element Mines and mineral resources
Geographic subdivision Alaska.
650 #0 - SUBJECT ADDED ENTRY--TOPICAL TERM
Topical term or geographic name entry element Geology
Geographic subdivision Alaska.
700 1# - ADDED ENTRY--PERSONAL NAME
Personal name Wright, Charles Will,
Dates associated with a name 1879-
Relator term joint author.

No items available.

Powered by Koha